| 000 | 00837nam a22002297a 4500 | ||
|---|---|---|---|
| 005 | 20100806155759.0 | ||
| 010 | _aENG-98765 | ||
| 020 |
_a9788190716512 _c90.00 |
||
| 035 | _aEN-82297 | ||
| 037 | _bDBAD/PUB | ||
| 082 | _a330.07 | ||
| 100 |
_aSelvaraj,APS _99000 |
||
| 245 |
_aResearch methodology in economics/ _cby APS. Selvaraj |
||
| 260 |
_bKanthaga Pookkal Pathipagam _c2008 _aSivakasi |
||
| 270 |
_a219,Pathrakaliamman Kovil Salai, _bSivakasi _e626123 |
||
| 300 |
_a144p. _c18cm (pbk) |
||
| 500 | _aIncludes bibliographical references | ||
| 650 |
_aEconomics methodology _99001 |
||
| 650 |
_aEconomics research _99002 |
||
| 942 |
_2ddc _cEN _h330.07 _mSEL |
||
| 999 |
_c39906 _d39906 |
||